LEADER 01062nam0-22002891i-450- 001 990006414030403321 035 $a000641403 035 $aFED01000641403 035 $a(Aleph)000641403FED01 035 $a000641403 100 $a20001023d1854----km-y0itay50------ba 101 1 $aita 102 $aIT 105 $ay-------001yy 200 1 $aTrattato delle divisioni degli ascendenti$epreceduto da una introduzione istorica sulla materia corrispondente tanto nel diritto romano che in quello antico francese$fdi M. Genty [...] 205 $aPrima versione italiana col confronto e note sulle leggi del Regno delle Due Sicilie$fpei germani Giovanni e Vincenzo Mandarini 210 $aNapoli$cs. e.$d1854$gStabilimento tip. di Vincenzo Priggiobba 215 $a403 p.$d22 cm 676 $a346.052$v20$zit 700 1$aGenty,$bM.$0241305 801 0$aIT$bUNINA$gRICA$2UNIMARC 901 $aBK 912 $a990006414030403321 952 $aAnt. 19$b1153 ddr$fDDR 959 $aDDR 996 $aTrattato delle divisioni degli ascendenti$9224507 997 $aUNINA